| 000 | 00761nam a2200253Ia 4500 | ||
|---|---|---|---|
| 008 | 160803s9999 xx 000 0 und d | ||
| 020 | _a9780545333108 | ||
| 100 | _aMarsh, Laura | ||
| 245 | _aAmazing animal journeys / | ||
| 245 | _cby Laura Marsh. | ||
| 260 | _aNew York : | ||
| 260 | _bScholastic Inc. | ||
| 260 | _c2010 | ||
| 300 | _a48 pages : | ||
| 300 | _bcolor illustrations, color maps | ||
| 300 | _c; 23 cm. | ||
| 440 | _aScience readers., | ||
| 440 | _vLevel 3. | ||
| 500 | _a"This edition is available for distribution only through the school market"--Page 4 of cover. | ||
| 650 | _aAnimal migration -- | ||
| 650 | _xJuvenile literature. | ||
| 700 | _a810 | ||
| 700 | _aGreat migrations: Amazing animal journeys, other title. | ||
| 999 |
_c299103 _d299103 |
||